Books of the Hebrew Bible - Sudden Death - Statistics

General Stats
  • This quiz has been taken 426 times
    46 since last reset
  • The average score is 9 of 16
Answers on the Grid
Answers color-coded by a green-red scale on the quiz's grid according to % correct below.
Genesis
Ezra-Nehemiah
Joshua
Maccabees
Kings
Hebrews
Song of Songs
Judith
Chronicles
Ruth
Gospel of Mark
Esther
Revelation
Qumran
Acts
Samuel
The Twelve
Lamentations
Job
Proverbs
Daniel
Romans
Judges
Corinthians
Deborah
Leviticus
Noah
 
Answer Stats
Answer % Correct
Genesis
100%
Joshua
74%
Kings
71%
Daniel
63%
Chronicles
57%
Job
57%
Leviticus
57%
Song of Songs
57%
Esther
54%
Ezra-Nehemiah
54%
Judges
54%
Proverbs
54%
Ruth
54%
Lamentations
51%
Samuel
49%
The Twelve
17%
No matching quizzes found
Score Distribution
Percent of People with Each Score
Percentile by Number Answered
Your Score History
You have not taken this quiz since the last reset